Statistics for NBA All-Star Last 3 Players By Team

Click here to take the quiz!

General Stats

  • This quiz has been taken 305 times
    (146 since last reset)
  • The average score is 76 of 90

Answer Stats

Team Player Last % Correct
Philadelphia 76ersJoel Embiid2020
99%
Cleveland CavaliersLeBron James2018
98%
New Orleans PelicansAnthony Davis2019
98%
Cleveland CavaliersKyrie Irving2017
98%
Detroit PistonsBlake Griffin2019
98%
Charlotte HornetsBaron Davis2002
98%
Philadelphia 76ersBen Simmons2020
98%
Toronto RaptorsKyle Lowry2020
98%
Toronto RaptorsKawhi Leonard2019
98%
Boston CelticsKemba Walker2020
98%
Milwauke BucksGiannis Antetokounmpo2020
98%
Oklahoma City ThunderRussell Westbrook2019
98%
Washington WizardsAntawn Jamison | Caron Butler2008
97%
Cleveland CavaliersKevin Love2018
97%
Miami HeatJimmy Butler2020
97%
Houston RocketsJames Harden2020
96%
Denver NuggetsCarmelo Anthony2011
95%
Dallas MavericksLuka Dončić2020
95%
Oklahoma City ThunderChris Paul2020
94%
Golden State WarriorsKevin Durant2019
94%
Atlanta HawksTrae Young2020
94%
Memphis GrizzliesPau Gasol2006
94%
Utah JazzRudy Gobert2020
94%
Portland Trail BlazersDamian Lillard2020
94%
Memphis GrizzliesMarc Gasol2017
94%
Utah JazzDonovan Mitchell2020
94%
Golden State WarriorsStephen Curry2019
93%
Golden State WarriorsKlay Thompson2019
93%
Sacramento KingsDeMarcus Cousins2017
92%
Washington WizardsJohn Wall2018
92%
Denver NuggetsNikola Jokic2020
92%
Boston CelticsJayson Tatum2020
92%
Phoenix SunsDevin Booker2020
92%
Milwauke BucksKhris Middleton2020
92%
Oklahoma City ThunderPaul George2019
91%
Washington WizardsBradley Beal2019
90%
Minnesota TimberwolvesKarl-Anthony Towns2019
90%
Detroit PistonsAndre Drummond2018
90%
Los Angeles LakersKobe Bryant2016
90%
Dallas MavericksDirk Nowitzki2019
90%
San Antonio SpursTim Duncan2015
90%
Toronto RaptorsPascal Siakam2020
90%
San Antonio SpursLaMarcus Aldridge2019
90%
Indiana PacersVictor Oladipo2019
85%
Phoenix SunsSteve Nash2012
84%
Houston RocketsDwight Howard2014
82%
Orlando MagicNikola Vucevic2019
81%
Miami HeatBam Adebayo2020
81%
Miami HeatDwyane Wade2019
81%
Indiana PacersDomantas Sabonis2020
79%
New York KnicksKristaps Porzingis2018
79%
Los Angeles ClippersDeAndre Jordan2017
78%
Dallas MavericksJason Kidd2010
77%
New Orleans PelicansBrandon Ingram2020
77%
Chicago BullsJoakim Noah2014
76%
Phoenix SunsAmar'e Stoudemire2010
73%
Atlanta HawksAl Horford2016
71%
Brooklyn NetsDeron Williams2012
70%
Brooklyn NetsBrook Lopez2013
69%
Utah JazzGordon Hayward2017
69%
Atlanta HawksPaul Millsap2017
66%
Detroit PistonsAllen Iverson2009
66%
Portland Trail BlazersBrandon Roy2009
59%
Memphis GrizzliesZach Randolph2013
57%
Sacramento KingsPeja Stojakovic2004
52%
Philadelphia 76ersJrue Holiday2013
51%
Brooklyn NetsJoe Johnson2014
48%
Charlotte HornetsGerald Wallace2010
48%
Milwauke BucksMichael Redd2004
47%
Denver NuggetsChauncey Billups2010
47%
New York KnicksTyson Chandler2013
43%
Orlando MagicRashard Lewis2009
26%
Sacramento KingsBrad Miller2004
18%

Score Distribution

Percentile by Number Answered

Percent of People with Each Score

Your Score History

You have not taken this quiz since the last reset